00402nam a2200169Ia 4500003000400000005001700004008004100021020001400062040000700076041000800083082001300091100002700104245003700131260003900168300001200207365001300219OSt20230403142144.0210423s2002 xx 000 0 und d a571218768 cAL aeng a823 CHAU aCHATTERJEE (Upamanyu). aEnglish august: an Indian story. aNew DelhibPenguin Books Ltdc2002 a291bPB b295cINR